Catalyst handbook with special reference to unit processes in ammonia and hydrogen manufacture (Record no. 36845)

MARC details
000 -LEADER
fixed length control field 00516nam a2200121 a 4500
008 - FIXED-LENGTH DATA ELEMENTS--GENERAL INFORMATION
fixed length control field 120416s1970 ||||||||||||||||| || u
050 ## - LIBRARY OF CONGRESS CALL NUMBER
Classification number TP 159.C3 Cat
245 00 - TITLE STATEMENT
Title Catalyst handbook with special reference to unit processes in ammonia and hydrogen manufacture
260 ## - PUBLICATION, DISTRIBUTION, ETC.
Place of publication, distribution, etc. London
Name of publisher, distributor, etc. Wolfe Scientific Books
Date of publication, distribution, etc. 1970
300 ## - PHYSICAL DESCRIPTION
Extent ix, 231p. : ill.
350 ## - PRICE (NR) (BK AM CF MU VM SE) [OBSOLETE]
Price 0.00
995 ## - RECOMMENDATION 995 [LOCAL, UNIMARC FRANCE]
-- 0.00
-- CBU-MAIN LIBRARY (Kitwe)
-- 1
-- 6.30
-- AVAILABLE
-- Annex Low-Usage Collection
Holdings
Withdrawn status Lost status Source of classification or shelving scheme Damaged status Not for loan Home library Current library Shelving location Date acquired Total Checkouts Full call number Barcode Date last seen Price effective from Koha item type
          CBU-MAIN LIBRARY, KITWE. CBU-MAIN LIBRARY, KITWE.   11/30/2022   TP 159.C3 Cat 016919 11/30/2022 11/30/2022 MONOGRAPH